000 00696nam a2200205 i 4500
001 41675
003 ES-MaACL
005 20251003161835.0
007 t|
008 030311s1886 sp ||||1| spa d
100 1 _aCastellanos, Juan de.
_936527
245 1 0 _aHistoria del Nuevo Reino de Granada /
_cpor Juan de Castellanos ; publicada por primera vez Antonio Paz y Melia.
260 _aMadrid :
_b[s.n.,
_c1886] (
_fA. Pérez Dubrull)
300 _a2 v. ;
_c17 cm.
490 1 _aColección de escritores castellanos
700 1 _aPaz y Meliá, A.,
_d1842-1927
_989789
830 0 _aColección de escritores castellanos
_9180741
852 _aES-MaACL
_jF-12456-57
999 _c41675
_d41675